Cracking the wall the struggles of the little rock nine / (Record no. 4860)

MARC details
000 -LEADER
fixed length control field 00997nam a22002897a 4500
001 - CONTROL NUMBER
control field 4860
003 - CONTROL NUMBER IDENTIFIER
control field FISKH
005 - DATE AND TIME OF LATEST TRANSACTION
control field 20241018120824.0
008 - FIXED-LENGTH DATA ELEMENTS--GENERAL INFORMATION
fixed length control field 241018b cb ||||| |||| 00| 0 eng d
020 ## - INTERNATIONAL STANDARD BOOK NUMBER
International Standard Book Number 9781575052274
040 ## - CATALOGING SOURCE
Original cataloging agency FISKH
Language of cataloging eng
Transcribing agency FISKH
Modifying agency FISKH
050 ## - LIBRARY OF CONGRESS CALL NUMBER
Classification number LC214.L56
082 ## - DEWEY DECIMAL CLASSIFICATION NUMBER
Classification number 379.2
100 ## - MAIN ENTRY--PERSONAL NAME
Personal name Lucas, Eileen
Dates associated with a name (1956-)
245 ## - TITLE STATEMENT
Title Cracking the wall the struggles of the little rock nine /
Statement of responsibility, etc. by Eileen Lucas illustrated by Mark Anthony
250 ## - EDITION STATEMENT
Edition statement This book is available in 1997
260 ## - PUBLICATION, DISTRIBUTION, ETC.
Place of publication, distribution, etc. North Minneapolis :
Name of publisher, distributor, etc. Millbrook,
Date of publication, distribution, etc. 1997.
300 ## - PHYSICAL DESCRIPTION
Extent 48 pages :
Other physical details Color illustrations ;
Dimensions 22 cm
505 ## - FORMATTED CONTENTS NOTE
Formatted contents note N<br/>
520 ## - SUMMARY, ETC.
Summary, etc. A brief introduction to the nine African-American students who integrated Central High School in Little Rock, Arkansas, in 1957.
521 8# - TARGET AUDIENCE NOTE
Target audience note 540L<br/>
Source Lexile<br/>
521 8# - TARGET AUDIENCE NOTE
Target audience note N<br/>
Source Raz-Plus<br/>
650 ## - SUBJECT ADDED ENTRY--TOPICAL TERM
Source of heading or term Lower Grammar
Topical term or geographic name entry element Little Rock Nine
650 ## - SUBJECT ADDED ENTRY--TOPICAL TERM
Source of heading or term Non-fiction
Topical term or geographic name entry element Black history
700 ## - ADDED ENTRY--PERSONAL NAME
Personal name Anthony, Mark
Dates associated with a name Illustrator
942 ## - ADDED ENTRY ELEMENTS (KOHA)
Source of classification or shelving scheme Dewey Decimal Classification
Koha item type Books
Suppress in OPAC No
Holdings
Withdrawn status Lost status Source of classification or shelving scheme Damaged status Not for loan Collection Home library Current library Shelving location Date acquired Total Checkouts Full call number Barcode Date last seen Date last checked out Copy number Price effective from Koha item type
    Dewey Decimal Classification     Fiction Footprints International School Library Network Toul Kork Campus Footprints International School Library Network Toul Kork Campus A TK Campus, 4th Floor, Room B401, Non-Fiction Bookcases(7-8) 10/18/2024 1 LUC 379.2 LC214.L56 2024-2171 06/09/2025 12/03/2024 1 10/18/2024 Books